00264nam a2200121Ia 45000030006000000080041000060400015000471000016000622450026000782600009001045460012001130050017001250STCL150530s9999 xx 000 0 und d aSTCLcSTCL aHerman Wouk aMarjorie morning star c1961 aEnglish20220125171348.0